Tank calibers - Statistics

General Stats
  • This quiz has been taken 98 times
  • The average score is 12 of 16
Answer Stats
Picture Answer % Correct
75 mm
96%
88 mm
93%
120 mm
82%
20 mm
82%
125 mm
81%
122 mm
78%
37 mm
78%
152 mm
77%
128 mm
74%
155 mm
71%
76 mm
71%
105 mm
68%
90 mm
66%
183 mm
60%
45 mm
58%
203 mm
53%
No matching quizzes found
Score Distribution
Percent of People with Each Score
Percentile by Number Answered
Your Score History
You have not taken this quiz